Mihoková desiata Svetový pohár v biatlone (2. kolo)

Podrobná bibliografia
Médium: Článok
Jazyk:slovenčina
ISSN:0139-7001
Predmet:

MARC

LEADER 00000nab a2200000 a 4500
001 vtls000819495
003 SK-MaSNL
005 20260302151956.0
008 180206c2002 xo 0 slo
015 |a SNBRB2002/12-42396 
035 |a CLN000171150 
040 |a SNKBUCL  |b slo  |c SNKBUCL  |e AACR2 
041 0 |a slo 
044 |a xo  |c SK 
080 |a 796.928.093.1(100)  |2 UDC-MRF-SK2 
245 0 0 |a Mihoková desiata  |b Svetový pohár v biatlone (2. kolo) 
650 0 7 |a lyžovanie  |x biatlon  |x ženy  |x Svetový pohár  |z Östersund (Švédsko)  |y 2002  |x kolo 2.  |2 snkbucl  |9 844470 
655 7 |a články z novín a časopisov  |2 snkbucl  |9 267496 
773 0 |x 0139-7001  |t Šport  |g Roč. 56, č. 291 (14.12.2002), s. 4 
850 |a Slovenská národná knižnica v Martine 
852 |a SNK  |b KIS3GCP 
958 |a RBX 
999 |c 1361349  |d 1363279